[Event "North Bay op"]
[Site "North Bay"]
[Date "1998.08.08"]
[Round "7"]
[White "Olszewski, Piotr"]
[Black "Whitehead, Jay E"]
[Result "1/2-1/2"]
[WhiteElo "2315"]
[BlackElo "2410"]
[PlyCount "172"]
[EventDate "1998.08.??"]
[EventType "swiss"]
[EventRounds "9"]
[EventCountry "CAN"]
[SourceTitle "EXT 1999"]
[Source "ChessBase"]
[SourceDate "1998.11.16"]
[SourceVersion "1"]
[SourceVersionDate "1998.11.16"]
[SourceQuality "1"]

1. d4 Nf6 2. g3 d5 3. Bg2 c6 4. Nf3 Bf5 5. 0-0 Nbd7 6. b3 e6 7. c4 a5 8. Nc3 h6 9. Bb2 Bd6 10. Nd2 0-0 11. e4 dxe4 12. Ndxe4 Be7 13. Nxf6+ Bxf6 14. Qd2 Nc5 15. Rad1 Nd3 16. Ba3 Qxd4 17. Bxf8 Qxc3 18. Qxc3 Bxc3 19. Ba3 a4 20. b4 Nxb4 21. Bxb4 Bxb4 22. Rd7 Rb8 23. Rfd1 a3 24. Rd8+ Rxd8 25. Rxd8+ Kh7 26. Bf1 Bc5 27. Bd3 Bxd3 28. Rxd3 b5 29. cxb5 cxb5 30. Rc3 Bd6 31. Rc6 Bf8 32. Rc8 Bd6 33. Rc6 Bf8 34. Rc8 Kg8 35. Rb8 b4 36. f4 g5 37. Kf2 Kg7 38. Kf3 f5 39. h3 Kf7 40. Rb7+ Kf6 41. Rc7 Bd6 42. Rd7 Bc5 43. Rc7 Bd4 44. Rb7 Bc5 45. Rc7 Bd6 46. Rd7 Be7 47. Rb7 gxf4 48. gxf4 Kf7 49. Ke3 Kf6 50. Kf3 h5 51. Rc7 h4 52. Rb7 Kf7 53. Ke3 Ke8 54. Kd4 Bd6 55. Kc4 Bxf4 56. Kxb4 Bd6+ 57. Kc4 Be5 58. Ra7 Bb2 59. Kd3 Kf8 60. Ke2 Bc1 61. Kd1 Bb2 62. Ke2 Kg8 63. Re7 e5 64. Ra7 Kf8 65. Rb7 Kg8 66. Ra7 Kf8 67. Rh7 Kg8 68. Rh5 f4 69. Rxh4 Kg7 70. Kf3 Kg6 71. Ke4 Kg5 72. Rg4+ Kh5 73. Rxf4 exf4 74. Kxf4 Kh4 75. Ke4 Bg7 76. Kd3 Kg3 77. h4 Kf2 78. Kc2 Ke3 79. h5 Kd4 80. Kb3 Bf8 81. h6 Bxh6 82. Kxa3 Kc4 83. Kb2 Bd2 84. a4 Ba5 85. Ka3 Kc3 86. Ka2 Kc2 1/2-1/2

[Event "North Bay op"]
[Site "North Bay"]
[Date "1998.08.05"]
[Round "1"]
[White "Southam, David"]
[Black "Whitehead, Jay E"]
[Result "0-1"]
[WhiteElo "2155"]
[BlackElo "2410"]
[PlyCount "60"]
[EventDate "1998.08.??"]
[EventType "swiss"]
[EventRounds "9"]
[EventCountry "CAN"]
[SourceTitle "EXT 1999"]
[Source "ChessBase"]
[SourceDate "1998.11.16"]
[SourceVersion "1"]
[SourceVersionDate "1998.11.16"]
[SourceQuality "1"]

1. d4 Nf6 2. c4 d6 3. Nf3 Bf5 4. Nc3 g6 5. Nh4 Bd7 6. e4 e5 7. Nf3 Bg7 8. Be2 0-0 9. 0-0 Qe8 10. dxe5 dxe5 11. Be3 Na6 12. Nd2 Qe7 13. Nd5 Nxd5 14. cxd5 c6 15. Rc1 cxd5 16. Bxa6 d4 17. Bxb7 Rab8 18. Bd5 dxe3 19. Nc4 exf2+ 20. Rxf2 Bh6 21. Rc3 Kg7 22. Bxf7 Rxf7 23. Rxf7+ Kxf7 24. Nxe5+ Qxe5 25. Qxd7+ Kg8 26. Rc7 Bg7 27. Rc8+ Rxc8 28. Qxc8+ Bf8 29. Qc4+ Kg7 30. g3 Qc5+ 0-1

[Event "US Masters op"]
[Site "Hawaii"]
[Date "1998.07.27"]
[Round "7"]
[White "Blatny, Pavel"]
[Black "Whitehead, Jay E"]
[Result "1-0"]
[WhiteElo "2520"]
[BlackElo "2410"]
[PlyCount "191"]
[EventDate "1998.07.??"]
[EventType "swiss"]
[EventRounds "9"]
[EventCountry "USA"]
[SourceTitle "EXT 1999"]
[Source "ChessBase"]
[SourceDate "1998.11.16"]
[SourceVersion "1"]
[SourceVersionDate "1998.11.16"]
[SourceQuality "1"]

1. Nf3 Nf6 2. b3 d6 3. d4 g6 4. Bb2 Bg7 5. g3 0-0 6. Bg2 e5 7. dxe5 Ng4 8. Nbd2 Nc6 9. Rb1 Ngxe5 10. 0-0 d5 11. Nd4 Nxd4 12. Bxd4 Bg4 13. h3 Bf5 14. f4 Ng4 15. Nf3 Bxd4+ 16. Qxd4 Nf6 17. Rbc1 c5 18. Qxc5 Ne4 19. Qd4 Nxg3 20. Rfe1 Be4 21. Qf2 Nf5 22. Red1 Qa5 23. Nd4 Nd6 24. Qh4 Rfe8 25. Bxe4 Rxe4 26. Rd3 Qc5 27. Qf2 Rae8 28. Rf1 f5 29. e3 R8e7 30. Qd2 Ne8 31. Kh2 Nf6 32. Rg1 Kf8 33. Rg2 Re8 34. Qf2 Qe7 35. Rg3 a6 36. Rf3 Kf7 37. a4 Kf8 38. Qg1 Nh5 39. Kg2 Rc8 40. Qd1 Qc7 41. Qa1 Rce8 42. Qc3 Qe7 43. Qa5 Rc8 44. Rc3 Rxc3 45. Qxc3 Kf7 46. Qd2 Qc5 47. b4 Qc4 48. Rf1 Kg7 49. a5 Kh6 50. Rf3 Nf6 51. Rf1 Re8 52. Rb1 Ne4 53. Qd3 Nc3 54. Rb3 Qxd3 55. cxd3 Nd1 56. Rb1 Nxe3+ 57. Kf3 g5 58. fxg5+ Kxg5 59. Re1 f4 60. Rg1+ Kf6 61. Kxf4 Re7 62. h4 Re8 63. h5 Nc4 64. Rg5 Re5 65. Rg8 Nb2 66. Rf8+ Ke7 67. Kxe5 Nxd3+ 68. Kxd5 Kxf8 69. Kc4 Ne5+ 70. Kc5 Nd3+ 71. Kb6 Nxb4 72. Kxb7 Ke8 73. Nc6 Nd3 74. Kxa6 Kd7 75. Kb6 Nb2 76. Kb7 Nd3 77. Kb6 Nb2 78. a6 Na4+ 79. Kb5 Nc3+ 80. Kc4 Na4 81. a7 Nb6+ 82. Kb5 Kc7 83. Na5 h6 84. Ka6 Na8 85. Nc4 Kc6 86. Na5+ Kc7 87. Kb5 Nb6 88. Kb4 Na8 89. Kc5 Nb6 90. Kb5 Na8 91. Ka6 Nb6 92. Nc4 Na8 93. Ne5 Nb6 94. Nd3 Na8 95. Nb4 Kc8 96. Nd5 1-0

[Event "US Masters op"]
[Site "Hawaii"]
[Date "1998.07.25"]
[Round "5"]
[White "Whitehead, Jay E"]
[Black "Takata, Reynolds"]
[Result "1-0"]
[WhiteElo "2410"]
[BlackElo "2235"]
[PlyCount "79"]
[EventDate "1998.07.??"]
[EventType "swiss"]
[EventRounds "9"]
[EventCountry "USA"]
[SourceTitle "EXT 1999"]
[Source "ChessBase"]
[SourceDate "1998.11.16"]
[SourceVersion "1"]
[SourceVersionDate "1998.11.16"]
[SourceQuality "1"]

1. e4 c5 2. Nf3 d6 3. Nc3 Nf6 4. g3 Nc6 5. Bg2 e5 6. 0-0 g6 7. d3 Bg7 8. Nd2 0-0 9. Nc4 Nd4 10. a4 Bg4 11. f3 Be6 12. Bg5 h6 13. Bxf6 Bxf6 14. Ne3 Bg7 15. Ncd5 Rb8 16. c3 Nc6 17. f4 f5 18. exf5 gxf5 19. Qh5 Ne7 20. Nxe7+ Qxe7 21. fxe5 Qg5 22. Qxg5 hxg5 23. Bd5 Bxd5 24. Nxd5 Bxe5 25. Ne7+ Kf7 26. Nxf5 Ke6 27. g4 Rh8 28. Rae1 Kd7 29. Rf2 Rh7 30. d4 cxd4 31. cxd4 Bf4 32. h4 Rf8 33. Kg2 Rxf5 34. gxf5 Rxh4 35. f6 Rg4+ 36. Kf1 Bg3 37. Re7+ Kc6 38. f7 Bxf2 39. f8Q Rf4 40. Qxf4 1-0

[Event "World op 26th"]
[Site "Philadelphia"]
[Date "1998.07.03"]
[Round "7"]
[White "Shapiro, Daniel E"]
[Black "Whitehead, Jay E"]
[Result "0-1"]
[WhiteElo "2295"]
[BlackElo "2350"]
[PlyCount "88"]
[EventDate "1998.06.27"]
[EventType "swiss"]
[EventRounds "9"]
[EventCountry "USA"]
[SourceTitle "EXT 1999"]
[Source "ChessBase"]
[SourceDate "1998.11.16"]
[SourceVersion "1"]
[SourceVersionDate "1998.11.16"]
[SourceQuality "1"]

1. d4 Nf6 2. c4 e6 3. Nc3 Bb4 4. Bg5 h6 5. Bh4 c5 6. d5 d6 7. e3 Bxc3+ 8. bxc3 e5 9. Qc2 g5 10. Bg3 Qe7 11. Nf3 e4 12. Nd2 Bf5 13. Rb1 b6 14. Qa4+ Qd7 15. Qc2 0-0 16. Be2 Bg6 17. 0-0 Qc7 18. f4 exf3 19. Bd3 Bxd3 20. Qxd3 Nh5 21. gxf3 f5 22. f4 Qg7 23. Kh1 Nd7 24. Rg1 Qg6 25. Bh4 Kh8 26. fxg5 Ne5 27. Qe2 Rae8 28. gxh6 Qxh6 29. Bg5 Qh7 30. Bf4 Nxf4 31. exf4 Ng4 32. Qg2 Re3 33. Rb2 Qh6 34. Rf1 Rh3 35. Nf3 Ne3 36. Qg1 Nxf1 37. Qxf1 Qh5 38. Ng5 Rh4 39. Re2 Qg4 40. Ne6 Rg8 41. Ng5 Qxf4 42. Qxf4 Rxf4 43. Nf7+ Kh7 44. h3 Rxc4 0-1

[Event "US Masters op"]
[Site "Hawaii"]
[Date "1998.??.??"]
[Round "3"]
[White "Whitehead, Jay E"]
[Black "Schiller, Eric Andrew"]
[Result "1-0"]
[WhiteElo "2410"]
[BlackElo "2205"]
[PlyCount "81"]
[EventDate "1998.07.??"]
[EventType "swiss"]
[EventRounds "9"]
[EventCountry "USA"]
[SourceTitle "EXT 1999"]
[Source "ChessBase"]
[SourceDate "1998.11.16"]
[SourceVersion "1"]
[SourceVersionDate "1998.11.16"]
[SourceQuality "1"]

1. d4 d6 2. c4 Nf6 3. Nc3 Bf5 4. f3 e5 5. e4 exd4 6. Qxd4 Be6 7. b3 Nc6 8. Qd2 Be7 9. Bb2 0-0 10. Nge2 Nd7 11. Nd5 Bh4+ 12. g3 Nce5 13. Bg2 Bxd5 14. cxd5 Bf6 15. 0-0 a5 16. Rac1 a4 17. f4 axb3 18. fxe5 Bg5 19. Nf4 dxe5 20. axb3 exf4 21. gxf4 Bh6 22. Qc3 Ra2 23. Ra1 Rxa1 24. Rxa1 Nf6 25. Qf3 c6 26. Bxf6 Qxf6 27. e5 Qd8 28. d6 Qb6+ 29. Kh1 Qd4 30. Qe4 Qd2 31. b4 g6 32. f5 Qe3 33. Qh4 Bg5 34. Qg4 h5 35. Qc4 Qxe5 36. fxg6 Bf6 37. d7 Qd6 38. gxf7+ Rxf7 39. Bh3 Kf8 40. Be6 b5 41. Qc5 1-0

[Event "USA-ch"]
[Site "Estes Park"]
[Date "1987.??.??"]
[Round "4"]
[White "Browne, Walter Shawn"]
[Black "Whitehead, Jay E"]
[Result "0-1"]
[WhiteElo "2505"]
[BlackElo "2415"]
[PlyCount "84"]
[EventDate "1987.11.??"]
[EventType "tourn"]
[EventRounds "13"]
[EventCountry "USA"]
[EventCategory "12"]
[SourceTitle "EXT 1997"]
[Source "ChessBase"]
[SourceDate "1996.11.15"]
[SourceVersion "1"]
[SourceVersionDate "1996.11.15"]
[SourceQuality "1"]

1. d4 Nf6 2. c4 e6 3. Nf3 b6 4. a3 Bb7 5. Nc3 d5 6. cxd5 Nxd5 7. Qc2 Nxc3 8. Qxc3 h6 9. Bf4 Bd6 10. Bg3 0-0 11. Rd1 Nd7 12. e3 Nf6 13. Bd3 Ne4 14. Qc2 f5 15. 0-0 Nxg3 16. hxg3 Qf6 17. e4 fxe4 18. Bxe4 Bxe4 19. Qxe4 Qf5 20. Rde1 Qxe4 21. Rxe4 Rfe8 22. Rfe1 Kf7 23. g4 a5 24. g5 h5 25. Nh4 a4 26. g6+ Kf6 27. d5 Ra5 28. Rxe6+ Rxe6 29. Rxe6+ Kg5 30. g3 Rxd5 31. Kg2 Rd2 32. Re4 Rxb2 33. Rxa4 Ra2 34. Rd4 Bc5 35. Rd5+ Kh6 36. Rf5 Bxa3 37. Kh3 Be7 38. Rf7 Bxh4 39. Kxh4 Rc2 40. Rf5 Rc5 41. g4 Rxf5 42. gxf5 b5 0-1

[Event "New York op"]
[Site "New York"]
[Date "1987.??.??"]
[Round "?"]
[White "Gurevich, Dmitry"]
[Black "Whitehead, Jay E"]
[Result "1-0"]
[WhiteElo "2535"]
[BlackElo "2420"]
[PlyCount "72"]
[EventDate "1987.??.??"]
[EventType "swiss"]
[EventRounds "11"]
[EventCountry "USA"]
[SourceTitle "CBM 002"]
[Source "ChessBase"]
[SourceDate "1988.02.01"]
[SourceVersion "1"]
[SourceVersionDate "1988.02.01"]
[SourceQuality "1"]

1. d4 Nf6 2. c4 e6 3. Nc3 Bb4 4. e3 c5 5. Nge2 cxd4 6. exd4 0-0 7. a3 Be7 8. g3 d5 9. c5 b6 10. b4 a5 11. Rb1 axb4 12. axb4 bxc5 13. dxc5 Nc6 14. Bg2 Rb8 15. Ba3 Ba6 16. 0-0 Bc4 17. Re1 Ra8 18. Bc1 Ng4 19. Nf4 Nxf2 20. Kxf2 Nxb4 21. Be3 Qa5 22. Ra1 Qxa1 23. Qxa1 Rxa1 24. Rxa1 Bf6 25. Rc1 g5 26. Nh5 Nd3+ 27. Kg1 Be5 28. Rc2 Ne1 29. Rc1 Nd3 30. Rc2 d4 31. Ne2 Bb3 32. Rd2 Nxc5 33. Nxd4 h6 34. Nc6 Bc3 35. Ne7+ Kh7 36. Rd6 Bb4 1-0

[Event "USA-ch"]
[Site "Estes Park"]
[Date "1987.??.??"]
[Round "13"]
[White "Kogan, Boris Markovich"]
[Black "Whitehead, Jay E"]
[Result "1-0"]
[WhiteElo "2460"]
[BlackElo "2415"]
[PlyCount "79"]
[EventDate "1987.11.??"]
[EventType "tourn"]
[EventRounds "13"]
[EventCountry "USA"]
[EventCategory "12"]
[SourceTitle "EXT 1997"]
[Source "ChessBase"]
[SourceDate "1996.11.15"]
[SourceVersion "1"]
[SourceVersionDate "1996.11.15"]
[SourceQuality "1"]

1. d4 Nf6 2. c4 e6 3. g3 Bb4+ 4. Bd2 a5 5. Bg2 d6 6. Nc3 e5 7. Nf3 exd4 8. Nxd4 Nbd7 9. Nd5 Bxd2+ 10. Qxd2 c6 11. Qe3+ Kf8 12. Nxf6 Qxf6 13. 0-0 h5 14. Rad1 Ne5 15. b3 h4 16. Qf4 hxg3 17. hxg3 Qg6 18. f3 Qh6 19. Kf2 Qxf4 20. gxf4 Ng6 21. Kg3 a4 22. b4 Ke7 23. Rd3 a3 24. e4 Ra4 25. Nc2 Be6 26. Rc3 f5 27. Re1 Kd8 28. Nd4 Bd7 29. Rb1 Rf8 30. Bh3 fxe4 31. Bxd7 Kxd7 32. f5 Ne5 33. fxe4 g6 34. Kf4 Rh8 35. Nf3 gxf5 36. exf5 Nxf3 37. Rxf3 Rh2 38. Rg1 Rxa2 39. Rg7+ Ke8 40. f6 1-0

[Event "USA-ch"]
[Site "Estes Park"]
[Date "1987.??.??"]
[Round "9"]
[White "Seirawan, Yasser"]
[Black "Whitehead, Jay E"]
[Result "1/2-1/2"]
[WhiteElo "2600"]
[BlackElo "2415"]
[PlyCount "171"]
[EventDate "1987.11.??"]
[EventType "tourn"]
[EventRounds "13"]
[EventCountry "USA"]
[EventCategory "12"]
[SourceTitle "EXT 1997"]
[Source "ChessBase"]
[SourceDate "1996.11.15"]
[SourceVersion "1"]
[SourceVersionDate "1996.11.15"]
[SourceQuality "1"]

1. d4 Nf6 2. c4 e6 3. g3 Bb4+ 4. Bd2 a5 5. Bg2 d6 6. Nc3 e5 7. Nf3 Nc6 8. a3 Bxc3 9. Bxc3 Ne4 10. Qd3 Nxc3 11. Qxc3 Nxd4 12. Nxd4 exd4 13. Qxd4 0-0 14. 0-0 Qe7 15. e3 a4 16. Rfd1 Ra5 17. Qc3 b6 18. Rd5 Ra7 19. Rad1 Bb7 20. Rb5 Bxg2 21. Kxg2 Rfa8 22. Rd4 Ra5 23. Qd3 g6 24. h4 h5 25. Rdd5 R5a6 26. Rg5 Kg7 27. Rbd5 R6a7 28. g4 hxg4 29. Rxg4 Qe6 30. Kg3 Ra5 31. h5 Rxd5 32. cxd5 Qf6 33. Qc3 Qxc3 34. bxc3 Ra5 35. c4 Ra8 36. hxg6 fxg6 37. Re4 Kf7 38. Rh4 Kg7 39. Rh1 Ra5 40. Rb1 Kf6 41. Kf4 Rc5 42. Rb4 b5 43. cxb5 Rxd5 44. e4 Rc5 45. b6 cxb6 46. Rxb6 g5+ 47. Kg4 Ke5 48. f3 Rc3 49. Rb5+ Ke6 50. Rxg5 Rxa3 51. Ra5 Ra1 52. Kf4 a3 53. Ra7 Kf6 54. Ra6 Ke6 55. e5 Rd1 56. exd6 Rxd6 57. Rxa3 Kf6 58. Kg4 Rb6 59. f4 Rc6 60. Rh3 Kf7 61. Rh5 Rg6+ 62. Kf5 Rf6+ 63. Ke5 Re6+ 64. Kd5 Ra6 65. Rh8 Ra5+ 66. Ke4 Ra4+ 67. Kf5 Ra5+ 68. Kg4 Kg7 69. Rb8 Ra6 70. Re8 Rb6 71. Kg5 Kf7 72. Re5 Rg6+ 73. Kh5 Ra6 74. Rb5 Rc6 75. Rf5+ Kg7 76. Rg5+ Kf7 77. Kg4 Rg6 78. Kf5 Rxg5+ 79. fxg5 Kg7 80. g6 Kg8 81. Kf6 Kf8 82. Kf5 Kg7 83. Kg5 Kg8 84. Kf6 Kf8 85. g7+ Kg8 86. Kg6 1/2-1/2

[Event "New York op"]
[Site "New York"]
[Date "1987.??.??"]
[Round "?"]
[White "Silman, Jeremy D"]
[Black "Whitehead, Jay E"]
[Result "0-1"]
[WhiteElo "2345"]
[BlackElo "2420"]
[PlyCount "120"]
[EventDate "1987.??.??"]
[EventType "swiss"]
[EventRounds "11"]
[EventCountry "USA"]
[SourceTitle "CBM 002"]
[Source "ChessBase"]
[SourceDate "1988.02.01"]
[SourceVersion "1"]
[SourceVersionDate "1988.02.01"]
[SourceQuality "1"]

1. d4 Nf6 2. c4 e6 3. Nf3 b6 4. Nc3 Bb7 5. g3 Bxf3 6. exf3 d5 7. Bg2 c6 8. cxd5 cxd5 9. 0-0 Nc6 10. f4 g6 11. Qa4 Qd7 12. Be3 a6 13. Rfc1 Na5 14. Qd1 Bd6 15. Na4 Rb8 16. Bf1 b5 17. Nc5 Bxc5 18. dxc5 0-0 19. Bd4 Ne8 20. Be5 Rb7 21. a4 Nc6 22. axb5 axb5 23. b3 f6 24. Bb2 Nc7 25. Qd2 b4 26. h4 Qf7 27. Bh3 Rbb8 28. Re1 Ra8 29. Rxa8 Rxa8 30. Ra1 Rxa1+ 31. Bxa1 Qe7 32. Bf1 Kf7 33. Qe3 Qd8 34. Qd2 Ne8 35. Bb5 Qa5 36. Bxc6 Qxa1+ 37. Kg2 Qc3 38. Qe3 Nc7 39. Bd7 d4 40. Qe4 Qxc5 41. Ba4 Qd5 42. Qxd5 Nxd5 43. Bb5 Nc3 44. Bc4 Ke7 45. Kf1 e5 46. fxe5 fxe5 47. f3 Kf6 48. Ke1 g5 49. hxg5+ Kxg5 50. Kd2 h5 51. Kd3 h4 52. gxh4+ Kxh4 53. Ba6 Kg3 54. Bb7 Kf2 55. Kd2 Ne2 56. Kd3 Nc1+ 57. Kc2 d3+ 58. Kd1 Nxb3 59. Bd5 Nc5 60. Kd2 b3 0-1

[Event "Midwest Masters op"]
[Site "Chicago"]
[Date "1987.??.??"]
[Round "4"]
[White "Whitehead, Jay E"]
[Black "Formanek, Edward W"]
[Result "1-0"]
[WhiteElo "2420"]
[BlackElo "2310"]
[PlyCount "53"]
[EventDate "1987.??.??"]
[EventType "swiss"]
[EventRounds "5"]
[EventCountry "USA"]
[SourceTitle "EXT 1999"]
[Source "ChessBase"]
[SourceDate "1998.11.16"]
[SourceVersion "1"]
[SourceVersionDate "1998.11.16"]
[SourceQuality "1"]

1. d4 Nf6 2. c4 e6 3. Nf3 d5 4. Nc3 c6 5. Bg5 dxc4 6. e4 b5 7. a4 Bb4 8. e5 h6 9. exf6 hxg5 10. fxg7 Rg8 11. h4 Rxg7 12. hxg5 Nd7 13. Rh8+ Nf8 14. Ne5 Bb7 15. f4 Qb6 16. a5 Qa6 17. Qh5 0-0-0 18. Qh6 Rg6 19. Qh5 Rg7 20. Nxf7 Rxd4 21. g6 Re4+ 22. Be2 Kc7 23. Rxf8 Rxe2+ 24. Kxe2 Bxf8 25. Qe5+ Kc8 26. Qxe6+ Kc7 27. Qe5+ 1-0

[Event "New York op"]
[Site "New York"]
[Date "1987.??.??"]
[Round "?"]
[White "Whitehead, Jay E"]
[Black "Gulko, Boris F"]
[Result "1-0"]
[WhiteElo "2420"]
[BlackElo "2525"]
[PlyCount "73"]
[EventDate "1987.??.??"]
[EventType "swiss"]
[EventRounds "11"]
[EventCountry "USA"]
[SourceTitle "CBM 002"]
[Source "ChessBase"]
[SourceDate "1988.02.01"]
[SourceVersion "1"]
[SourceVersionDate "1988.02.01"]
[SourceQuality "1"]

1. d4 Nf6 2. c4 g6 3. Nc3 d5 4. cxd5 Nxd5 5. e4 Nxc3 6. bxc3 Bg7 7. Nf3 c5 8. Rb1 0-0 9. Be2 Qa5 10. Qd2 b6 11. 0-0 Ba6 12. Bxa6 Nxa6 13. Rb3 Rfd8 14. Qd3 c4 15. Qxc4 Qxa2 16. Nd2 Rac8 17. Qe2 Nb8 18. e5 Nc6 19. Bb2 Nxd4 20. cxd4 Rc2 21. Qb5 Rxd2 22. Bc3 Re2 23. g3 e6 24. Ra1 Qc2 25. Rb2 Qxc3 26. Qxe2 Rd7 27. Rd1 Rxd4 28. Rxd4 Qxd4 29. Rd2 Qa1+ 30. Rd1 Qa4 31. Rd8+ Bf8 32. Qe3 Kg7 33. Qg5 Qa3 34. Qf6+ Kg8 35. h4 Qc5 36. Rd7 Qc1+ 37. Kh2 1-0

[Event "USA-ch"]
[Site "Estes Park"]
[Date "1987.??.??"]
[Round "3"]
[White "Whitehead, Jay E"]
[Black "Gurevich, Dmitry"]
[Result "1-0"]
[WhiteElo "2415"]
[BlackElo "2545"]
[PlyCount "129"]
[EventDate "1987.11.??"]
[EventType "tourn"]
[EventRounds "13"]
[EventCountry "USA"]
[EventCategory "12"]
[SourceTitle "EXT 1997"]
[Source "ChessBase"]
[SourceDate "1996.11.15"]
[SourceVersion "1"]
[SourceVersionDate "1996.11.15"]
[SourceQuality "1"]

1. d4 Nf6 2. c4 c5 3. d5 b5 4. cxb5 a6 5. Nc3 axb5 6. e4 b4 7. Nb5 d6 8. Bf4 g5 9. Bxg5 Nxe4 10. Bf4 Ra5 11. Bc4 Ba6 12. Qe2 Bg7 13. f3 Qb6 14. fxe4 Bxb5 15. Bxb5+ Qxb5 16. Qg4 Kf8 17. Nf3 Nd7 18. Ng5 Nf6 19. Qc8+ Qe8 20. Qc7 Rb5 21. 0-0 h6 22. Nf3 Qd7 23. Qc6 Qxc6 24. dxc6 Rb6 25. c7 Rc6 26. e5 Ne8 27. Rad1 Rxc7 28. exd6 exd6 29. Rxd6 Ra7 30. Rd8 Bf6 31. Rc8 Kg7 32. Re1 Be7 33. Ne5 Bd6 34. a3 Re7 35. Kf1 Re6 36. Nd3 Rf6 37. g3 Nc7 38. Rxh8 Kxh8 39. Kg2 Bxf4 40. Nxf4 bxa3 41. bxa3 Rc6 42. Rc1 c4 43. Kf2 Kg7 44. a4 Na6 45. Ke3 c3 46. Kd4 c2 47. Nd3 f5 48. a5 Rc8 49. Ra1 Kf6 50. Nc1 Kg5 51. Ra4 Rc5 52. Kd3 Rc8 53. Kd2 Rc7 54. Nd3 Nc5 55. Nxc5 Rxc5 56. Kc1 f4 57. gxf4+ Kg4 58. a6 Rc8 59. a7 Ra8 60. Kxc2 Kh3 61. f5 Kxh2 62. f6 Kg3 63. f7 h5 64. Rb4 Rc8+ 65. Kb2 1-0

[Event "USA-ch"]
[Site "Estes Park"]
[Date "1987.??.??"]
[Round "8"]
[White "Whitehead, Jay E"]
[Black "Kudrin, Sergey"]
[Result "1-0"]
[WhiteElo "2415"]
[BlackElo "2515"]
[PlyCount "147"]
[EventDate "1987.11.??"]
[EventType "tourn"]
[EventRounds "13"]
[EventCountry "USA"]
[EventCategory "12"]
[SourceTitle "EXT 1997"]
[Source "ChessBase"]
[SourceDate "1996.11.15"]
[SourceVersion "1"]
[SourceVersionDate "1996.11.15"]
[SourceQuality "1"]

1. d4 Nf6 2. c4 g6 3. Nc3 d5 4. Nf3 Bg7 5. cxd5 Nxd5 6. e4 Nxc3 7. bxc3 c5 8. Rb1 0-0 9. Be2 cxd4 10. cxd4 Qa5+ 11. Qd2 Qxd2+ 12. Bxd2 b6 13. 0-0 e6 14. Rbc1 Bb7 15. Bb4 Rd8 16. Bb5 Ba6 17. a4 Bxb5 18. axb5 a6 19. bxa6 Nxa6 20. Bc3 Rac8 21. Bd2 Nb8 22. Bg5 f6 23. Bf4 Nd7 24. Bc7 Re8 25. d5 Bh6 26. Rc6 exd5 27. exd5 Nb8 28. Bxb8 Rxc6 29. dxc6 Rxb8 30. Nd4 Rc8 31. Ra1 Bf4 32. Ne6 Be5 33. Ra7 Re8 34. Ng7 Rc8 35. Ne6 f5 36. f4 Bf6 37. Nc7 b5 38. Ra8 Rxa8 39. Nxa8 Bd8 40. Kf2 b4 41. c7 Bxc7 42. Nxc7 b3 43. Nb5 Kg7 44. Nc3 Kh6 45. Ke3 Kh5 46. Kd2 g5 47. fxg5 Kxg5 48. Ke3 b2 49. h3 h5 50. Kf3 Kh4 51. Nb1 Kg5 52. Nd2 h4 53. Ke3 Kg6 54. Kd3 Kg5 55. Kc2 Kf4 56. Nf1 Ke4 57. Kxb2 Kd3 58. Nh2 Ke3 59. Nf3 Kf2 60. Nxh4 f4 61. Kc3 Kg3 62. Kd3 Kxh4 63. Ke4 Kg3 64. h4 Kg4 65. h5 Kg5 66. Ke5 Kxh5 67. Kxf4 Kg6 68. Kg4 Kf6 69. Kh5 Kg7 70. Kg5 Kf7 71. Kh6 Kf6 72. g4 Kf7 73. g5 Kg8 74. Kg6 1-0

[Event "New York op"]
[Site "New York"]
[Date "1987.??.??"]
[Round "?"]
[White "Whitehead, Jay E"]
[Black "Paunovic, Dragan"]
[Result "1-0"]
[WhiteElo "2420"]
[BlackElo "2465"]
[PlyCount "112"]
[EventDate "1987.??.??"]
[EventType "swiss"]
[EventRounds "11"]
[EventCountry "USA"]
[SourceTitle "CBM 002"]
[Source "ChessBase"]
[SourceDate "1988.02.01"]
[SourceVersion "1"]
[SourceVersionDate "1988.02.01"]
[SourceQuality "1"]

1. d4 Nf6 2. c4 g6 3. Nc3 Bg7 4. e4 d6 5. Be2 0-0 6. Bg5 c6 7. Qd2 Nbd7 8. h4 e5 9. d5 Qb6 10. Be3 Qa5 11. h5 cxd5 12. cxd5 Nc5 13. Rc1 Bd7 14. hxg6 fxg6 15. f3 Rac8 16. Nh3 Bxh3 17. Rxh3 Na4 18. Nd1 Qxd2+ 19. Kxd2 Rxc1 20. Kxc1 a6 21. b3 Nc5 22. Nb2 b5 23. b4 Ncd7 24. Rh1 Nh5 25. Rd1 Nf4 26. Bf1 Rc8+ 27. Kd2 Kf7 28. a4 bxa4 29. Nxa4 Rb8 30. Rb1 Bf6 31. g3 Nh5 32. g4 Nf4 33. Bxa6 Bd8 34. b5 Ba5+ 35. Kc2 Nb6 36. Nxb6 Bxb6 37. Bxb6 Rxb6 38. Kc3 h5 39. gxh5 gxh5 40. Rh1 Kg6 41. Kc4 Rb8 42. Rb1 h4 43. b6 Ne2 44. Rb2 Nd4 45. f4 h3 46. fxe5 Nf3 47. exd6 h2 48. Rxh2 Nxh2 49. Kc5 Nf3 50. Kc6 Ne5+ 51. Kc7 Rh8 52. d7 Nxd7 53. Kxd7 Kf6 54. Bc8 Rh2 55. b7 Rb2 56. Kc7 Rc2+ 1-0

[Event "San Francisco 2nd"]
[Site "San Francisco"]
[Date "1986.03.??"]
[Round "11"]
[White "Cross, Steven"]
[Black "Whitehead, Jay E"]
[Result "0-1"]
[WhiteElo "2200"]
[BlackElo "2425"]
[PlyCount "68"]
[EventDate "1986.03.??"]
[EventType "tourn"]
[EventRounds "13"]
[EventCountry "USA"]
[EventCategory "4"]
[SourceTitle "EXT 2005"]
[Source "ChessBase"]
[SourceDate "2004.11.15"]
[SourceVersion "1"]
[SourceVersionDate "2004.11.15"]
[SourceQuality "1"]

1. d4 Nf6 2. c4 e6 3. Nc3 Bb4 4. Qc2 c5 5. dxc5 0-0 6. Bf4 Na6 7. a3 Bxc3+ 8. Qxc3 Ne4 9. Qd4 Nexc5 10. Rd1 Nb3 11. Qc3 Nac5 12. Bd6 Re8 13. g3 a5 14. Bg2 a4 15. e3 Ra5 16. Ne2 b5 17. Bxc5 Nxc5 18. Nd4 Qb6 19. cxb5 d5 20. Rc1 Nd7 21. Qc7 Qxc7 22. Rxc7 Nb6 23. f4 Nc4 24. Nc6 Ra8 25. Ne7+ Kf8 26. Rxc4 Kxe7 27. Rc7+ Bd7 28. e4 Rab8 29. exd5 exd5 30. Kd2 Kd6 31. Rc2 Rxb5 32. Bf3 Bf5 33. Rcc1 Rxb2+ 34. Kc3 Rb3+ 0-1

[Event "San Francisco 2nd"]
[Site "San Francisco"]
[Date "1986.03.??"]
[Round "3"]
[White "Whitehead, Jay E"]
[Black "De Firmian, Nick E"]
[Result "0-1"]
[WhiteElo "2425"]
[BlackElo "2520"]
[PlyCount "34"]
[EventDate "1986.03.??"]
[EventType "tourn"]
[EventRounds "13"]
[EventCountry "USA"]
[EventCategory "4"]
[SourceTitle "EXT 2005"]
[Source "ChessBase"]
[SourceDate "2004.11.15"]
[SourceVersion "1"]
[SourceVersionDate "2004.11.15"]
[SourceQuality "1"]

1. d4 Nf6 2. c4 c5 3. d5 g6 4. Nc3 Bg7 5. e4 d6 6. Bd3 0-0 7. f4 e6 8. dxe6 fxe6 9. Nf3 Nc6 10. 0-0 a6 11. Kh1 Nd4 12. Ng5 e5 13. Nd5 Bd7 14. Qe1 exf4 15. Qh4 h6 16. Bxf4 Nxd5 17. exd5 Bf5 0-1